Normal view
MARC view
- Confession (Law)
Entry Topical Term
001 - CONTROL NUMBER
- control field: 85382
003 - CONTROL NUMBER IDENTIFIER
- control field: NUST
005 - DATE AND TIME OF LATEST TRANSACTION
- control field: 20211201104949.0
008 - FIXED-LENGTH DATA ELEMENTS
- fixed length control field: 211201|| aca||aabn | a|a d
040 ## - CATALOGING SOURCE
- Original cataloging agency: NUST
- Transcribing agency: NUST
150 ## - HEADING--TOPICAL TERM
- Topical term or geographic name entry element: Confession (Law)
- Geographic subdivision: Pakistan
670 ## - SOURCE DATA FOUND
- Source citation: Work cat.: (NUST)0: Chana, Z. A. 85381, A study of the law governing confessions /, 2001.
